Science Quiz

Random Science Quiz

Freshwater Fish Scientific Names Quiz Stats

 Plays Quiz not verified by Sporcle

Also try: Parts of a Cell
Challenge
Share
Tweet
Embed
Score 0/65 Timer 12:00
0 Plays Today
Common Name Scientific Name % Correct
GoldfishCarassius auratus
71.4%
Common CarpCyprinus carpio
71.4%
Spottail ShinerNotropis hudsonius
71.4%
Green SunfishLepomis cyanellus
71.4%
BluegillLepomis macrochirus
71.4%
Smallmouth BassMicropterus dolomieu
71.4%
Largemouth BassMicropterus salmoides
71.4%
LogperchPercina caprodes
71.4%
Bluntnose MinnowPimephales Notatus
57.1%
Rock BassAmbloplites rupestris
57.1%
PumpkinseedLepomis gibbosus
57.1%
Yellow PerchPerca flavescens
57.1%
WalleyeSander vitreus
57.1%
Freshwater DrumAplodinotus grunniens
57.1%
Golden ShinerNotemigonus crysoleucas
42.9%
White SuckerCatostomus commersoni
42.9%
Northern Hog SuckerHypentelium nigricans
42.9%
White BassMorone chrysops
42.9%
Redbreast SunfishLepomis auritus
42.9%
WarmouthLepomis gulosus
42.9%
Longear SunfishLepomis megalotis
42.9%
Fantail DarterEtheostoma flabellare
42.9%
Johnny DarterEtheostoma nigrum
42.9%
QuillbackCarpoides
42.9%
Central StonerollerCampostoma anomalum
28.6%
Mountain Redbelly DaceChrosomus oreas
28.6%
Rosyside DaceClinostomus funduloides
28.6%
Grass CarpCtenopharyngodon idella
28.6%
Satinfin ShinerCyprinella analostana
28.6%
Whitetail ShinerCyprinella galactura
28.6%
Cutlip MinnowExoglossum maxillingua
28.6%
Bigeye ChubHybopsis amblops
28.6%
White ShinerLuxilus albeolus
28.6%
Common Name Scientific Name % Correct
Crescent ShinerLuxilus cerasinus
28.6%
Warpaint ShinerLuxilus coccogenis
28.6%
Rosefin ShinerLythrurus ardens
28.6%
Bluehead ChubNocomis leptocephalus
28.6%
Rosyface ShinerNotropis rubellus
28.6%
Telescope ShinerNotropis telescopus
28.6%
Kanawha MinnowPhenacobius teretulus
28.6%
Blacknose DaceRhinichthyes atratulus
28.6%
Longnose DaceRhinichthyes cataractae
28.6%
Creek ChubSemotilus atromaculatus
28.6%
Eastern Creek ChubsuckerErimyzon oblongus
28.6%
Roanoke Hog SuckerHypentelium roanokense
28.6%
Blacktip JumprockMoxostoma cervinum
28.6%
Golden RedhorseMoxostoma erythrurum
28.6%
Shorthead RedhorseMoxostoma macrolepidotum
28.6%
Torrent SuckerThoburnia rhothoeca
28.6%
Striped BassMorone saxatilis
28.6%
FlierCentrarchus macropterus
28.6%
Banded SunfishEnneacanthus obesus
28.6%
Spotted BassMicropterus punctulatus
28.6%
White CrappiePomoxis annularis
28.6%
Black CrappiePomoxis nigromaculatus
28.6%
Greenside DarterEtheostoma blennioides
28.6%
Riverweed DarterEtheostoma podostemone
28.6%
Redline DarterNothonotus rufilineatum
28.6%
Snubnose DarterEtheostoma simoterum
28.6%
Glassy DarterEtheostoma vitreum
28.6%
Tangarine DarterPercina aurantiaca
28.6%
Stripeback DarterPercina notogramma
28.6%
Roanoke DarterPercina roanoka
28.6%
SaugerSander canadensis
28.6%
Pygmy SunfishElassoma
28.6%

You're not logged in!

Compare scores with friends on all Sporcle quizzes.
Join for Free
OR
Log In

You Might Also Like...

Show Comments

Extras

Created May 6, 2015ReportFavoriteNominate
Tags:fish, freshwater

Top Quizzes Today


Score Distribution

Your Account Isn't Verified!

In order to create a playlist on Sporcle, you need to verify the email address you used during registration. Go to your Sporcle Settings to finish the process.

Report this User

Report this user for behavior that violates our Community Guidelines.

Details: